000 00591cam a2200217 4500
001 J3049
008 090401t1995 xxu||||| |||| 00| 0 eng d
035 _a(Sirsi) u52688
041 _aeng
050 _a333.337
110 _aWeatherall Green and Smith
_92055
245 _aRegional office rent survey. - No. 10 (Spring 1995) - No. 11 (Autumn 1995)
260 _aLondon
_bWeatherall Green & Smith
_c1995
300 _a2 pt. ; 30cm.
350 _a0
650 _aOFFICES
650 _aREGIONAL OFFICES
690 _aPROPERTY-COMMERCIAL PROPERTY
942 _n0
948 _c04/03/1997
999 _c93146
_d93146